| 000 | 00925nam a22002297a 4500 | ||
|---|---|---|---|
| 999 |
_c64037 _d64037 |
||
| 005 | 20240530110711.0 | ||
| 008 | 180121s2015 ua a f b 000 0dara d | ||
| 017 |
_a1714 _bمصر. دار الكتب |
||
| 020 | _a9789773144654 | ||
| 040 |
_aEG-CaGPL _cEG-CaGPL |
||
| 082 | 0 | 4 |
_221 _a737.4\ _bع ن |
| 100 | 0 | _aعاطف منصور محمد رمضان | |
| 245 | 1 | 0 |
_aنقود القراخانيين فى اسيا الوسطى : _bدراسة جديدة لتاريخ دولة ايلك خانات التركستان فى ضوء مسكوكاتها / _cعاطف منصور محمد رمضان . |
| 250 | _aط.1 | ||
| 260 |
_aالقاهرة : _bمكتبة زهراء الشرق ، _c2015 . |
||
| 300 |
_a271 ص. : _bايض ؛ _c24 سم. |
||
| 650 | 0 | 7 |
_2qrmak _aالمسكوكات |
| 650 | 0 | 7 |
_2qrmak _aدولة القراخانيين |
| 651 | _2qrmak | ||
| 942 |
_2ddc _cBK |
||